000 01427nam a2200337 i 4500
001 000016748
003 DO-SdBNP
005 20250116163337.0
007 ta
008 100310s2000 dr ac r 000 0 spa d
040 _aDO-SdBNP
_bspa
_cBNPHU
_erda
082 4 _a372.011
_bR426L, 1996-2000
_222
110 1 _aRepública Dominicana.
_bSecretaría de Estado de Educación y Cultura
_918697
245 1 0 _aLineamientos organizativos y políticos del nivel inicial, 1996-2000 /
_ccolaboradores, Cristina Molina ... [et al.] ; presentación, Ligia Amada Melo de Cardona ; introducción, Carmen Sánchez.
264 _aSanto Domingo :
_bSEE,
_c2000.
300 _a134 páginas :
_biludtrsciones, retratos. ;
_c28 cm.
336 _2rdacontent
_atexto
_btxt
337 _2rdamedia
_asin mediación
_bn
338 _2rdacarrier
_avolumen
_bnc
490 _aGestión educativa
_v8
590 _aInventariado, 2018/BT
650 4 _aEducación primaria
_zRepública Dominicana
_9740
650 4 _aEducación primaria
_xFormación profesional
_xInvestigaciones
_917504
650 4 _aFormación profesional de maestros
_zRepública Dominicana
_917505
650 4 _aCapacitación docente
_917398
700 1 _aMolina, Cristina,
_ecolaboradora
_937120
700 1 _aMelo de Cardona, Ligia Amada,
_dpresentación
_937121
700 1 _aSánchez, Carmen,
_dintroducción
_937122
910 _aValidado. Control de calidad. EMS
942 _2ddc
_cLBS1
999 _c16280
_d16280